|
|
|
|
| LEADER |
01172nam a22003257a 4500 |
| 001 |
38520 |
| 003 |
BD-DhAAL |
| 008 |
220516t1985 pk bl 001 0 eng d |
| 999 |
|
|
|c 44183
|d 44183
|
| 025 |
|
|
|a P-E-2005307297; 34
|
| 040 |
|
|
|a BD-DhAAL
|c BD-DhAAL
|
| 042 |
|
|
|a lcode
|
| 043 |
|
|
|a a-pk---
|
| 082 |
|
|
|a 347.5491077
|
| 100 |
|
|
|a Mahmood, Shaukat.
|9 48445
|
| 110 |
1 |
|
|a Pakistan.
|9 48446
|
| 245 |
1 |
4 |
|a The Specific Relief Act /
|c Shaukat Mahmood, Nadeem Shaukat.
|
| 246 |
3 |
|
|a Specific Relief Act
|
| 250 |
|
|
|a Second edition
|
| 260 |
|
|
|a Lahore :
|b Legal Research Centre,
|c 1985.
|
| 300 |
|
|
|a iv, 429 pages ;
|c 25 cm.
|
| 504 |
|
|
|a Includes bibliographical references and index.
|
| 541 |
|
|
|a Donated By Akbar Ali Khan
|e 38520
|
| 610 |
1 |
0 |
|a Pakistan.
|t Specific Relief Act, 1877.
|9 48447
|
| 650 |
|
0 |
|a Equitable remedies
|z Pakistan.
|9 48448
|
| 650 |
|
0 |
|a Law.
|9 48450
|
| 700 |
1 |
|
|a Shaukat, Nadeem.
|9 48449
|
| 852 |
|
|
|a Ayesha Abed Library
|c Akbar Ali Khan Collection
|
| 942 |
|
|
|2 ddc
|c BK
|
| 952 |
|
|
|0 0
|1 0
|2 ddc
|4 0
|6 347_549107700000000_MAH
|7 1
|9 70624
|a BRACUL
|b BRACUL
|c CS1
|d 2022-05-17
|e Donated by Akbar Ali Khan
|l 0
|o 347.5491077 MAH
|p 3010038520
|r 2022-05-17
|t 1
|w 2022-05-17
|y BK
|